[Event "National Open"]
[Site "Las Vegas"]
[Date "2021.06.19"]
[Round "7"]
[White "Niemann, Hans"]
[Black "Guo, Arthur"]
[Result "0-1"]
[WhiteElo "2648"]
[BlackElo "2473"]
[Annotator "Lang"]
[PlyCount "60"]
[EventDate "2021.??.??"]
[SourceTitle "CL September 2021"]
[SourceDate "2021.09.01"]
[SourceVersion "1"]
[SourceVersionDate "2021.09.01"]
[SourceQuality "1"]
[TimeControl "5400+30"]

1. d4 Nf6 2. c4 e6 3. Nf3 d5 4. g3 Be7 5. Bg2 O-O 6. O-O c6 7. Nc3 Nbd7 8. Nd2
b6 {Inaccuracy. b5 was best.} (8... b5) 9. e4 dxc4 10. Nxc4 Ba6 11. b3 b5 12.
Ne3 b4 13. Ne2 e5 $5 (13... c5 {Guo chooses to eschew complications coming from
} 14. e5 Ne8 15. Bxa8 (15. Re1 {Perhaps because Niemann could decline the
sacrifice and play for a space advantage}) 15... Qxa8 16. Nc4 Nb6 $132) 14. Bb2
exd4 15. Bxd4 $5 (15. Nxd4 {Now white had chances to create a material
imbalances, but again it is easier to be tempted by such glamour in analysis
than over the board} Bxf1 (15... Ne5 {and again, declining the gift might have
been prudent, but here the f5 square is a significant gain for white}) 16. Qxf1
{it is unclear how black should progress, with no targets or coordination.})
15... Nc5 16. Nf5 Ne6 17. Bb2 Bc5 18. e5 $2 (18. Qe1 Qb6 19. Bxf6 gxf6 20. h4
$13 {as black's damaged kingside makes up for white's less active pieces})
18... Qxd1 $2 (18... Ng4 19. Nd6 (19. Nfd4 Nxd4 20. Nxd4 Bxf1) 19... Qb6 $19 {
and it is hard to see how white can resist the attack}) 19. Rfxd1 Ng4 20. Ned4
{White's pieces come to life just in time} Nxe5 21. Nxc6 Nxc6 22. Bxc6 Rac8 23.
Bd5 Bxf2+ {DIAGRAM (MAYBE?)} 24. Kh1 $2 (24. Kxf2 Rc2+ 25. Kg1 Rxb2 26. Ne7+
Kh8 27. Rdb1 Re2 28. Re1 Nd4 (28... Rd2 29. Rad1) 29. Rxe2 Nxe2+ 30. Kf2 {
and the attack has dissapaited}) 24... Rc2 {and now black's pressure is too
much to handle} 25. Be5 Bc5 26. Rac1 Rxc1 27. Rxc1 Rd8 28. Bg2 f6 29. Bf4 Bd3
30. Ne3 g5 {0-1 White resigns.} 0-1

[Event "National Open"]
[Site "Las Vegas"]
[Date "2021.06.20"]
[Round "9"]
[White "Matviishen, Viktor"]
[Black "Posthuma, Joshua"]
[Result "0-1"]
[WhiteElo "2575"]
[BlackElo "2416"]
[Annotator "Lang"]
[PlyCount "64"]
[EventDate "2021.??.??"]
[SourceTitle "CL September 2021"]
[SourceDate "2021.09.01"]
[SourceVersion "1"]
[SourceVersionDate "2021.09.01"]
[SourceQuality "1"]
[TimeControl "5400+30"]

1. d4 Nf6 2. c4 b6 3. Nc3 Bb7 4. Qc2 d5 5. cxd5 Nxd5 6. Nf3 e6 7. e4 Nxc3 8.
bxc3 Nd7 9. Bd3 c5 10. O-O Rc8 11. Qe2 cxd4 12. cxd4 Be7 13. Bf4 O-O 14. Rfd1
Nf6 15. d5 exd5 16. e5 Nh5 17. Be3 g6 18. Nd4 Ng7 19. Qg4 f5 20. Qf3 f4 21. Bc1
Bc5 22. Ne2 Ne6 23. Qg4 Qe7 24. Rb1 Rf7 25. Rb3 Rcf8 26. Bb1 Bc8 27. Qf3 Ng5
28. Qc3 f3 29. Ng3 fxg2 30. Bxg5 Qxg5 31. Rxd5 Rxf2 32. Rxc5 Rf1+ {0-1 White
resigns.} 0-1

[Event "National Open"]
[Site "Las Vegas"]
[Date "2021.06.18"]
[Round "5"]
[White "Niemann, Hans"]
[Black "Shetty, Atulya Arya"]
[Result "1-0"]
[WhiteElo "2648"]
[BlackElo "2551"]
[Annotator "Lang"]
[PlyCount "97"]
[EventDate "2021.??.??"]
[SourceTitle "CL September 2021"]
[SourceDate "2021.09.01"]
[SourceVersion "1"]
[SourceVersionDate "2021.09.01"]
[SourceQuality "1"]
[TimeControl "5400+30"]

1. d4 d5 2. c4 c6 3. Nf3 Nf6 4. Nc3 e6 5. Bg5 Nbd7 6. cxd5 exd5 7. e3 h6 8. Bh4
g5 9. Bg3 Nh5 10. Be5 Nhf6 11. Be2 Nxe5 12. Nxe5 Nd7 13. Nd3 Bg7 14. Bg4 O-O
15. Bf5 Qf6 {[#]} 16. g4 $1 {a classy move, temporarily outposting the bishop,
but with the intention to trade it off and switch from a squeeze to an
explosion after} Nb6 17. Bxc8 Nxc8 18. h4 $1 {a great practical choice} Nd6 (
18... gxh4 {Perhaps Shetty's best option was to prevent Niemann from opening
the h-file, grabbing the pawn and saying 'show me,' after which it is not
clear what Niemann planned.} 19. Ne5 Re8 20. Qc2 Nd6 {Black's king is weak,
but there is no imminent breakthrough, and} 21. f4 {looks risky due to} Nc4 $15
) 19. hxg5 hxg5 20. Qe2 Rfe8 21. O-O-O Ne4 22. Qc2 Rac8 23. Kb1 b6 24. Nxe4
Rxe4 25. Ne5 {The exchange is lost, but all is not clear yet} Qe6 26. Qd3 c5
27. f3 c4 $2 {[#]} (27... Rxe5 28. dxe5 Qxe5 29. Rd2 $16 {The extra material
and pressure on d5 should give white an advantage, but black still has nagging
pressure on the dark squares.}) 28. Nxc4 $1 Rxd4 29. exd4 dxc4 30. Qh7+ Kf8 {
Compared to 27...Rxe5, black is in dire straits, and Niemann shows excellent
technique converting.} 31. Rhe1 Qd7 32. Qf5 Qxf5+ 33. gxf5 Rd8 34. d5 Rd6 35.
a4 a6 36. Re4 b5 37. Kc2 Bf6 38. axb5 axb5 39. b3 cxb3+ 40. Kxb3 Be7 41. Rde1
Rd7 42. d6 Bxd6 43. f6 $1 Rd8 44. Rh1 Kg8 45. Rh5 Bf4 46. Re1 Rd3+ 47. Kc2 Rd2+
48. Kb1 Rh2 49. Re8# {1-0 White wins by checkmate.} 1-0

[Event "National Open"]
[Site "Las Vegas"]
[Date "2021.06.18"]
[Round "5"]
[White "Rozman, Levy"]
[Black "Yoo, Christopher"]
[Result "1-0"]
[WhiteElo "2436"]
[BlackElo "2564"]
[Annotator "Lang"]
[PlyCount "73"]
[EventDate "2021.??.??"]
[SourceTitle "CL September 2021"]
[SourceDate "2021.09.01"]
[SourceVersion "1"]
[SourceVersionDate "2021.09.01"]
[SourceQuality "1"]
[TimeControl "5400+30"]

1. c4 e6 2. Nc3 Nf6 3. Nf3 d5 4. e3 Bd6 5. b3 O-O 6. Bb2 c6 7. d4 b6 8. Qc2 Bb7
9. Be2 Nbd7 10. O-O Qe7 11. Rad1 Rfd8 12. e4 dxe4 13. Nxe4 Nxe4 14. Qxe4 Nf6
15. Qh4 Ba3 16. Ba1 c5 17. d5 exd5 18. Bd3 h6 19. Rfe1 Qd6 20. cxd5 Nxd5 21.
Be5 Qe7 22. Qg3 Qf8 {DIAGRAM} 23. Ng5 $4 hxg5 24. Qxg5 Ne7 25. Qh5 f5 $4 (25...
Ng6 $1 26. Re3 {but the attack just does not materialize after} Qe8 27. Bxg7
Rxd3 $3 28. Rdxd3 Qc6) 26. Bc4+ Bd5 27. Rxd5 Nxd5 28. Rd1 Qe8 29. Qxf5 Qc6 30.
Rxd5 Rxd5 31. Qg5 Kf7 32. Bxg7 Ke6 33. Qe5+ Kd7 34. Bxd5 Qg6 35. Be4 Qe8 36.
Qd5+ Ke7 37. Qxa8 {1-0 Black resigns.} 1-0

[Event "National Open"]
[Site "Las Vegas"]
[Date "2021.06.19"]
[Round "6"]
[White "Shabalov, Alexander"]
[Black "Wang, Jason"]
[Result "1-0"]
[WhiteElo "2624"]
[BlackElo "2429"]
[Annotator "Yermolinsky"]
[PlyCount "65"]
[EventDate "2021.??.??"]
[SourceTitle "CL September 2021"]
[SourceDate "2021.09.01"]
[SourceVersion "1"]
[SourceVersionDate "2021.09.01"]
[SourceQuality "1"]

{My long time friend and trafeling partner GM Alex Shabalov had a decent
tournament, scoring 6/9. The two byes he committed to before the tournament
prevented Alex from competing for higher position. Here's his best effort.} 1.
e4 c5 2. Nf3 e6 3. d4 cxd4 4. Nxd4 a6 5. c4 Nf6 6. Nc3 Bb4 7. Nc2 $5 {This
move doesn't have a good reputation, but wait a bit....} Bxc3+ 8. bxc3 Qa5 {[#]
} 9. Qd4 $1 {A great idea Alex worked out in his home lab.} ({The standard
continuation is} 9. Qd3 Qe5 {where Black holds his own thanks to} 10. f3 d5)
9... Nc6 10. Qe3 {White sacrificed a tempo to get his queen to a better
position.} Qe5 $6 {Now the same treatment does not work here.} ({Best is} 10...
O-O 11. Ba3 d6 $5 (11... Rd8 12. Bd6) {but Shabalov planned} 12. Bxd6 Rd8 13.
e5 Ng4 14. Qg3 Ncxe5 15. c5) 11. Bd3 Qxc3+ ({One last chance to make a game
out of this required a very precise calculation. After} 11... d6 12. f4 Qxc3+
13. Bd2 Qb2 14. O-O {it seems that Black will lose his queen, but there's} e5
$1 15. f5 (15. Rab1 exf4 16. Qf2 Qe5 17. Bxf4 Qe7 18. Ne3 Ne5 {may just be
playable fopr Black, who is under huge pressure.}) 15... Nd4 $1 {to the rescue.
}) 12. Bd2 Qe5 13. f4 Qc7 14. e5 Ng8 {Not a sign of good things to come.} 15.
Qg3 Kf8 $5 {Jason Wang is fighting hard.} (15... g6 {would leave Black's dark
squares horribly weak.}) 16. O-O f5 17. exf6 Nxf6 18. Rae1 b5 19. Bc3 $1 {
Of course Shabalov isn't interested in pawns. He's an old, reliable hand in
such positions, his pieces will take ideal attacking posts, and only then
there will be time for decisive action.} bxc4 20. Bxc4 Ne7 21. Ne3 d5 22. Be5
Qb6 23. Bd3 Nf5 24. Bxf5 exf5 25. Kh1 Qe6 26. Nxd5 $1 {A pretty way to finish
the game.} Qxd5 27. Bxf6 gxf6 28. Qa3+ Kg8 29. Re8+ Kf7 30. Re7+ Kg6 31. Qg3+
Kh5 32. Rg7 Kh6 33. Rg5 $1 {The icing on the cake!} 1-0

[Event "National Open"]
[Site "Las Vegas"]
[Date "2021.06.20"]
[Round "8"]
[White "Nyzhnyk, Illia"]
[Black "Sorokin, Alexey"]
[Result "1/2-1/2"]
[WhiteElo "2778"]
[BlackElo "2628"]
[Annotator "Sorokin, Yermolinsky"]
[PlyCount "122"]
[EventDate "2021.??.??"]
[SourceTitle "CL September 2021"]
[SourceDate "2021.09.01"]
[SourceVersion "1"]
[SourceVersionDate "2021.09.01"]
[SourceQuality "1"]

{One of few pleasant memries I can take from the Las Vegas trip was seeing my
good friend Alexander Onischuk. Alexander didn't play, but he brought two of
his students from Texas Tech, one of whom, Aleksey Sorokin, achieved a GM norm.
Here's Aleksey's notes to a critical Round 8 encounter with the top seed of
the tournament. I only added a few general comments under <AY>.} 1. d4 Nf6 2.
c4 g6 3. f3 {I was going to play the Grunfeld Defense and I didn't expect this
move. That's why I had to improvise a little bit and decided to play Nc6.} Nc6
4. d5 {AY. Theoretically speaking, this move represents White's best option.} (
{AY. In case of} 4. e4 {Black has} e5 {practically forcing White to agree to a
pawn trade in the middle} 5. Ne2 (5. d5 Nd4 6. Ne2 c5) 5... exd4 6. Nxd4 Bg7 {
and here} 7. Be3 $2 {is met by} Nxe4 $1) 4... Ne5 5. e4 d6 6. Be3 {At this
point, the position started to look like the King's Indian. AY. Albeit,
normally in the Saemisch White refrains from pushing his pawn to d5 until
Black plays e7-e5 or c7-c5.} Bg7 (6... c6 {would be stronger, since it
prevents Ne2-Nd4} 7. Ne2 $2 Nxc4) 7. Ne2 c6 8. Nd4 c5 {AY. I'm not a big fan
of this decision. In the Saemisch Benoni White has a problem developing his
knight from g1, and here it is out already.} ({AY. More attractive is} 8... O-O
9. Nc3 e6 $1 10. dxe6 fxe6 {which leads to a complex position, where Black can
answer} 11. Be2 {with} d5) 9. Nc2 O-O 10. Nc3 Nh5 $6 {At this point I asked
myself: How would Kasparov play in this position? Sometimes I do this in
important games, but unfortunately it rarely helps.} (10... e6 11. Be2 exd5 12.
cxd5 {would lead to a typical Benoni type of position. AY. I want to reiterate
that with his knight out, even if c2 doesn't seem like the greatest square,
White has to have a better game here.}) 11. g4 f5 {AY. Absolutely fascinating.}
12. exf5 ({AY. Nyzhnyk had to stay away from} 12. gxh5 $2 fxe4 13. fxe4 Bg4)
12... Nf6 13. Be2 (13. g5 Nh5 14. f4 Nxf4 15. Bxf4 Rxf5 16. Bxe5 Rxe5+ {
Black has excellent compensation here due to the weakness of the white king
and the activity of the bishops.}) 13... b5 {[#] AY. This is fire on board,
Alexey Shirov's syle.} ({AY. Just like his famous namesake, Aleksey Sorokin
would not accept a passive position after} 13... gxf5 14. g5 Ne8 15. f4 Ng6 16.
Qd2) 14. cxb5 {AY. Illia Nyzhnyk is an experienced player who always takes
rational decisions. Here he resisted the temptation to take Black up to his
sacrificial offers, instead preferring a quieter game, if such terms can be
applied to this crazy situation.} (14. fxg6 {I briefly considered this line
during the game, and my plan was to follow up with} b4 15. gxh7+ Kh8 $1 {
We need to keep the white's pawn on h7 to protect our king.} 16. Na4 e6 $13 {
Opening up the files and diagonals for our pieces.}) ({AY. I suppose the idea
was to answer} 14. Nxb5 gxf5 15. g5 {with an amazing shot} Ne4 $3 16. fxe4 f4 {
I wouldn't feel comfortable here.}) 14... gxf5 15. g5 Ne8 16. f4 Nd7 17. Na3
Bb7 18. Nc4 Nc7 {AY. Now the d5-pawn will fall, albeit at the cost of the
valuable Bg7.} 19. Na5 Bxc3+ 20. bxc3 Bxd5 21. O-O Nb6 22. c4 Be4 23. a4 Qd7 {
I needed to create some counter-play on the kingside, since white has a pawn
majority on the queenside.} 24. Nb3 ({AY. Interesting was} 24. Nc6 {although
Black doesn't have to take that knight.}) 24... Qe6 25. Qc1 h6 26. a5 Nd7 27.
h4 hxg5 28. hxg5 Rf7 {AY. A better way for a rook transfer to the h-file. The
following notes explain the underlying tactics.} (28... Kg7 29. Nd2 {Trading
the powerful bishop to ensure white's king safety.}) 29. Rf2 (29. Nd2 $4 Bd3 $1
) 29... Rh7 30. Rh2 Rxh2 31. Kxh2 Rf8 32. Qc3 Ba8 33. Nd2 d5 34. Nf3 $1 {
[#] Practically the best decision as we are getting to time trouble. I was
really annoyed by this move as it stops my initiative. AY. I fully agree,
Nyzhnyk's piece sacrifice was great.} d4 35. Nxd4 cxd4 36. Qxd4 Rd8 37. Kg3 Ne8
38. c5 Nb6 (38... Ndf6 {would have been much stronger, but I didn't see Bd5 in
the following line.} 39. Bc4 $2 (39. Qe5 $13) 39... Bd5 40. gxf6 Bxc4 41. Qxd8
Qxe3+ $19) 39. Qe5 Qxe5 40. fxe5 Nd5 41. Rd1 e6 42. a6 Rb8 43. Bd4 Nec7 44. b6
$1 {White manages to breakthrough} axb6 45. cxb6 Nxb6 46. a7 Rb7 47. Bxb6 Rxb6
48. Rd8+ Kg7 49. Rd7+ Kg6 50. Rxc7 {[#] It looks like pawn on a7 should
promote and decide the game. But surprisingly black can hold the game.} Rb3+ (
50... Kxg5 {Another way to draw} 51. Rg7+ Kh6 52. Rg8 Rb3+ 53. Kf2 Be4 54. a8=Q
Bxa8 55. Rxa8 Kg5 56. Ra6 Kf4 57. Rxe6 Re3 $10) 51. Kh4 Rb4+ 52. Rc4 Rb7 53.
Ra4 (53. Bh5+ {would have created more problems for Black:} Kg7 54. Ra4 Rb3 55.
g6 Kh6 56. g7 Kxg7 57. Ra6 f4 58. Kg5 ({AY. or} 58. Rxe6 f3 59. Kg3 Rb2 60.
Rg6+ Kh7 61. Rf6 Ra2 62. Rf7+ Kh6 63. Bxf3 Ra3 64. Kg4 Bxf3+ 65. Rxf3 Rxa7 $11)
58... f3 59. Rxe6 Rb7 60. Rg6+ Kf8 61. Rf6+ Kg7 62. Rxf3 Rxa7 $10) 53... Rh7+
54. Kg3 Kxg5 55. Bf3 f4+ 56. Kg2 Rh8 57. Bxa8 Rxa8 58. Kf3 Kf5 59. Ra5 Kg5 60.
Ke4 Kg4 61. Ra1 f3 {1/2-1/2 The game is a draw.} 1/2-1/2

[Event "121st US Open 2021"]
[Site "Cherry Hill USA"]
[Date "2021.08.08"]
[Round "9.1"]
[White "Gledura, B."]
[Black "Lenderman, A."]
[Result "1/2-1/2"]
[WhiteElo "2628"]
[BlackElo "2607"]
[PlyCount "67"]
[EventDate "2021.07.31"]
[EventType "swiss"]
[EventRounds "9"]
[EventCountry "USA"]
[SourceTitle "CL September 2021"]
[SourceDate "2021.09.01"]
[SourceVersion "1"]
[SourceVersionDate "2021.09.01"]
[SourceQuality "1"]

1. e4 e6 2. d4 d5 3. exd5 exd5 4. Nf3 Nf6 5. Bd3 Bd6 6. Qe2+ Be7 7. O-O O-O 8.
Re1 Re8 9. Bg5 Be6 10. Nbd2 h6 11. Bh4 Nc6 12. Bb5 Bd7 13. Bxc6 Bxc6 14. Ne5
Bd7 15. Qf3 Be6 16. c3 c6 17. Ng6 Bd6 18. Bxf6 Qxf6 19. Qxf6 gxf6 20. Nh4 f5
21. Re2 f6 22. Rae1 Kf7 23. Nb3 b6 24. Nc1 c5 25. dxc5 bxc5 26. Nd3 f4 27. g3
fxg3 28. hxg3 a5 29. a3 a4 30. Ng2 Bf5 31. Rxe8 Rxe8 32. Rxe8 Kxe8 33. Ngf4 Kd7
34. Kf1 1/2-1/2

[Event "Pamplona"]
[Site "Pamplona"]
[Date "1999.12.31"]
[Round "5"]
[White "Illescas Cordoba, Miguel"]
[Black "Short, Nigel D"]
[Result "0-1"]
[WhiteElo "2600"]
[BlackElo "2675"]
[PlyCount "68"]
[EventDate "1999.12.27"]
[EventType "tourn"]
[EventRounds "9"]
[EventCountry "ESP"]
[EventCategory "15"]
[SourceTitle "CL September 2021"]
[SourceDate "2021.09.01"]
[SourceVersion "1"]
[SourceVersionDate "2021.09.01"]
[SourceQuality "1"]

1. Nf3 d5 2. d4 Nf6 3. c4 e6 4. Nc3 Be7 5. Bg5 h6 6. Bh4 O-O 7. e3 b6 8. Be2
Bb7 9. Bxf6 Bxf6 10. cxd5 exd5 11. O-O Qe7 12. Qb3 Rd8 13. Rfd1 c6 14. Bf1 Na6
15. Rd2 Nc7 16. a4 Ne6 17. a5 b5 18. Qa2 a6 19. Rc1 c5 20. dxc5 d4 21. Nxd4
Bxd4 22. exd4 Nxd4 23. Kh1 Nf3 24. Rxd8+ Rxd8 25. c6 Bxc6 26. Ne2 Qh4 27. gxf3
Qxf2 28. Nf4 Bxf3+ 29. Bg2 Rd2 30. Rg1 Be4 31. Qa1 Qxf4 32. Qe1 Rxg2 33. Rxg2
Qf3 34. Qg1 g5 0-1

[Event "TCh-FRA Top 12 2021"]
[Site "Chalons en Champagne FRA"]
[Date "2021.06.30"]
[Round "7.3"]
[White "9.1 Naiditsch, A."]
[Black "Sochacki, C."]
[Result "1-0"]
[WhiteElo "2649"]
[BlackElo "2494"]
[Annotator "Hansen"]
[PlyCount "45"]
[EventDate "2021.06.24"]
[EventType "team"]
[EventRounds "11"]
[EventCountry "FRA"]
[SourceTitle "CL September 2021"]
[SourceDate "2021.09.01"]
[SourceVersion "1"]
[SourceVersionDate "2021.09.01"]
[SourceQuality "1"]
[WhiteTeam "Bischwiller"]
[BlackTeam "US Villejuif Echecs"]

{[%evp 0,45,25,22,22,-4,36,39,37,34,29,29,41,41,51,64,93,59,81,110,103,105,79,
90,90,96,96,92,110,49,52,59,65,74,94,66,59,59,59,64,64,-45,-7,-7,-7,0,29993,
29994]} 1. Nf3 Nf6 2. g3 b5 3. Bg2 Bb7 4. O-O e6 5. d3 c5 6. e4 d5 7. exd5 exd5
8. Nh4 Qd7 9. Qf3 Nc6 10. Re1+ Be7 11. Nf5 O-O 12. Nxe7+ Nxe7 13. Bg5 Ng6 14.
Nc3 Ng4 15. Nxd5 N4e5 16. Qe4 f5 17. Ne7+ Qxe7 18. Qxb7 Qxg5 19. f4 Nxf4 20.
gxf4 Qxf4 21. Qd5+ Nf7 22. Re7 Rae8 {[#]} 23. Qxf7+ $1 ({Black resigned as he
would get mated after} 23. Qxf7+ Rxf7 24. Rxe8+ Rf8 25. Bd5+ Kh8 26. Rxf8#) 1-0

[Event "II Fenamac GpB 2021"]
[Site "Mexico City MEX"]
[Date "2021.07.02"]
[Round "4.3"]
[White "9.2 Hevia, A."]
[Black "Fernandez Hernandez, A."]
[Result "0-1"]
[WhiteElo "2467"]
[BlackElo "2340"]
[Annotator "Hansen"]
[PlyCount "42"]
[EventDate "2021.06.30"]
[EventType "tourn"]
[EventRounds "9"]
[EventCountry "MEX"]
[EventCategory "2"]
[SourceTitle "CL September 2021"]
[SourceDate "2021.09.01"]
[SourceVersion "1"]
[SourceVersionDate "2021.09.01"]
[SourceQuality "1"]

{[%evp 0,42,22,19,22,-13,-13,-12,-9,-1,4,-1,-1,-4,-7,-6,15,24,23,31,16,16,32,
37,20,29,53,39,30,-25,4,5,4,-35,-162,-195,-195,-197,-197,-186,-215,-763,-759,
-29997,-29998]} 1. Nf3 Nf6 2. b3 e6 3. Bb2 d5 4. e3 Be7 5. c4 c5 6. cxd5 exd5
7. d4 O-O 8. Be2 Nc6 9. dxc5 Bxc5 10. O-O Re8 11. Nc3 a6 12. Rc1 Ba7 13. Na4
Ne4 14. Nd4 Qg5 15. Nxc6 bxc6 16. Kh1 {[#]} Nxf2+ $1 {Ripping White's
otherwise solid position apart.} 17. Rxf2 Qxe3 {The point behind Black's
previous move, the rook cannot stay on f2 and therefore is forced to give up
defending the bishop on e2.} 18. Rf1 Qxe2 19. Rxc6 $2 {White tries to recover
some material, but now it quickly goes downhill.} Bg4 $1 20. Qc1 ({Or} 20. Qxe2
Bxe2 21. Rb1 Bd3 22. Rbc1 Bb5 23. Rc7 d4 {and, supported by the bishops, the
d-pawn becomes an unstoppable force.}) 20... Bh3 $1 {Ouch!} 21. gxh3 Qe4+ {
and with mate in the next move, White saw no reason to continue.} 0-1

[Event "Goldmoney Asian Rapid KO"]
[Site "chess24.com INT"]
[Date "2021.06.30"]
[Round "1.24"]
[White "9.3 Duda, J."]
[Black "Ding Liren"]
[Result "0-1"]
[WhiteElo "2729"]
[BlackElo "2799"]
[Annotator "Hansen"]
[PlyCount "46"]
[EventDate "2021.06.29"]
[EventType "k.o. (rapid)"]
[EventRounds "3"]
[SourceTitle "CL September 2021"]
[SourceDate "2021.09.01"]
[SourceVersion "1"]
[SourceVersionDate "2021.09.01"]
[SourceQuality "1"]

{[%evp 0,46,20,22,22,26,33,13,13,-18,0,0,1,6,6,-6,-9,-31,-24,-37,-19,-20,-7,1,
2,-17,2,-32,-35,-50,-25,-45,-39,-63,-38,-16,-40,-35,-39,-39,-39,-50,-57,-60,0,
0,1,-552,-553]} 1. e4 e5 2. Nf3 Nc6 3. Bc4 Nf6 4. Ng5 d5 5. exd5 Na5 6. Bb5+ c6
7. dxc6 bxc6 8. Be2 h6 9. Nh3 Bd6 10. d3 O-O 11. O-O c5 12. Bf3 Rb8 13. Kh1 Bc7
14. Ng1 Qd6 15. g3 Nc6 16. Na3 Nd4 17. Nc4 Qa6 18. Bg2 e4 19. Be3 Rd8 20. Qc1
Bb7 21. b3 Qe6 22. dxe4 Nxe4 23. Re1 {[#]} Qd5 $1 ({White resigned! Before we
look closer at this move, it should be said that Black would also be winning
after} 23... Qf5 {, for instance,} 24. Bxd4 Rxd4 25. Rxe4 Bxe4 26. Qe1 Bxg2+
27. Kxg2 Qxc2 {with a decisive advantage for Black although there obviously
still is some work to be done.}) ({After} 23... Qd5 {, Black threatens both ...
Nxf2+ and ...Nxg3+ followed by ...Qxg2#. If White plays} 24. f3 {, then Black
wins with} Nxg3+ 25. hxg3 Qh5+ 26. Nh3 Bxf3 27. Qd2 Qxh3+ 28. Kg1 Qxg3 {
and it is game over for White.}) 0-1